000 00338nam a2200145Ia 4500
100 _aJennings B H
650 _aCarpentery
942 _cBK
654 _aInternational Books
245 _aAir Conditining And Refrigreation
260 _bInternational Text Book Compony
082 _a621.5
_bJen/Lew
546 _aENGLISH
999 _c27702
_d27702